| 000 | 01157nam a2200229Ia 4500 | ||
|---|---|---|---|
| 999 |
_c55756 _d55756 |
||
| 001 | 22853 | ||
| 003 | GE_BSU | ||
| 005 | 20230524124909.0 | ||
| 008 | 181216s ||||ge |||||||||||||| ||geo|| | ||
| 020 | _a99940-29-95-9 | ||
| 040 | _cGE_BSU | ||
| 041 | _ageo | ||
| 080 | _a821.112.2(436)-1 მ-46 | ||
| 245 |
_aმე-20 საუკუნის ავსტრიული ლირიკა = Osterreichische Lyrik des 20. Jahrhunderts : _b მასალები ტ. 2 გეორგ თრაკლი / _cიდეის ავტ. და ხელმძღვ. დათო ბარბაქაძე ; მთარგმნ. კონსტანტინე გამსახურდია და სხვა. |
||
| 264 |
_aთბილისი : _bსაარი, _c2006. |
||
| 300 |
_a220 გვ. : _bფოტ. ; _c20 სმ. |
||
| 500 | _aლექსები ქართულ და გერმანულ ენებზე | ||
| 541 | _h7 ლ. | ||
| 653 | _aგეორგ თრაკლი | ||
| 653 | _aმეოცე საუკუნის ავსტრიული ლირიკა ტ. 2 | ||
| 942 |
_cBK _2udc |
||